Ohel Yosef : (Record no. 32724)
[ view plain ]
| 000 -LEADER | |
|---|---|
| fixed length control field | 00606cam a22002171 4500 |
| 001 - CONTROL NUMBER | |
| control field | he 67002091 |
| 003 - CONTROL NUMBER IDENTIFIER | |
| control field | DLC |
| 005 - DATE AND TIME OF LATEST TRANSACTION | |
| control field | 20260227111451.0 |
| 008 - FIXED-LENGTH DATA ELEMENTS--GENERAL INFORMATION | |
| fixed length control field | 840307s1902 nyu 000 0 heb |
| 010 ## - LIBRARY OF CONGRESS CONTROL NUMBER | |
| LC control number | he 67002091 |
| 035 ## - SYSTEM CONTROL NUMBER | |
| System control number | (OCoLC)19140973 |
| 040 ## - CATALOGING SOURCE | |
| Original cataloging agency | DLC |
| Transcribing agency | MH |
| Modifying agency | DLC |
| 042 ## - AUTHENTICATION CODE | |
| Authentication code | premarc |
| 050 00 - LIBRARY OF CONGRESS CALL NUMBER | |
| Classification number | BM522.36 |
| Item number | .R44 |
| 100 1# - MAIN ENTRY--PERSONAL NAME | |
| Personal name | Fried, Joseph E. |
| 245 10 - TITLE STATEMENT | |
| Title | Ohel Yosef : |
| Remainder of title | sheʼelot u-teshuvot. |
| 260 ## - PUBLICATION, DISTRIBUTION, ETC. | |
| Place of publication, distribution, etc. | New York : |
| Name of publisher, distributor, etc. | Bi-defus A.Ḥ. Rozenberg, |
| Date of publication, distribution, etc. | 663 [1902 or 1903] |
| 300 ## - PHYSICAL DESCRIPTION | |
| Extent | 39 leaves ; |
| Dimensions | 31 cm. |
| 650 #0 - SUBJECT ADDED ENTRY--TOPICAL TERM | |
| Topical term or geographic name entry element | Responsa |
| Chronological subdivision | 1800-1948. |
| 752 ## - ADDED ENTRY--HIERARCHICAL PLACE NAME | |
| Country or larger entity | United States |
| First-order political jurisdiction | New York |
| City | New York |
No items available.